| 000 | 00801nam a22002177a 4500 | ||
|---|---|---|---|
| 005 | 20250425085307.0 | ||
| 008 | 130821s1997 xxu gr eng | ||
| 020 | _a188032377X | ||
| 040 |
_aCo-BoUCM _bspa _cDavid Moreno (modificó) _dDavid Moreno (modificó) |
||
| 041 | 0 | 0 | _aeng |
| 245 | 0 | 0 | _aLiving with the past |
| 260 |
_aChicago (Illinois, estados Unidos) _bThe Great Books Foundation _cc1997 |
||
| 300 | _axiii, 449 páginas | ||
| 490 | 1 | _a50th anniversary series. | |
| 650 | 0 | 4 |
_aLiteratura _918599 _xComprensión lectora y escritura |
| 650 | 0 | 4 |
_aLiteratura _vIngles _918599 |
| 710 | 2 |
_aGreat Books Foundation (U.S.) _9153137 |
|
| 830 | 0 |
_aGreat Books Foundation 50th anniversary series. _9171649 |
|
| 942 |
_cLIBRO _a18 _e1 _mL785 _2DEWEY _h808.8 _n0 |
||
| 999 |
_c91290 _d91290 |
||